=LDR 00000nam 2200000 4500 =001 INLIS000000000029066 =005 20201207100102 =035 ##$$a 0010-061300000029066 =008 201207################g##########0#ind## =041 ##$$a Ind =082 ##$$a 328.095 985 34 =090 ##$$a 328.095 985 34, Hus d =100 ##$$a Husain, Syaikhuddin =245 1#$$a Dewan perwakilan rakyat Daerah Kabupaten Sumbawa, suatu tinjauan sejarah /$c Syaikhuddin Husain =260 ##$$a Yogyakarta :$b Arti Bumi Intaran,$c 2008 =300 ##$$a xxviii, 499 hlm : $b Ilus ; $c 21 x 15 cm =650 #4$$a DPR Sumbawa =850 ##$$a NBPNMAT =020 ##$$a 978-979-15832-3-7 =084 ##$$a 328.095 985 34 HUS d =990 ##$$a 20800036 =990 ##$$a 20800035 =990 ##$$a 20800034 =990 ##$$a 20800033